000
00327nam a2200145 4500
008
190207s1991||||xo d
100
1
_a
Bosco Teresio
_9
870
245
1
0
_a
Don Bosco
260
_b
SKS
_a
Bratislava
_c
1991
300
_a
407 s.
020
_a
80-85405-00-8
_c
0
041
1
_a
slo
044
_a
xo
_c
SK
958
_a
AUL
999
_c
22100
_d
22100